[Event "DEM U12/U12w 2015"]
[Site "Willingen GER"]
[Date "2015.05.26"]
[Round "5"]
[White "Brunkardt, Elena"]
[Black "Basovskiy, Jana"]
[Result "1-0"]
[Termination "normal"]
[Board "32"]
[WhiteElo "1474"]
[BlackElo "1367"]
[PlyCount "93"]
[WhiteFideId "16208838"]
[BlackFideId "16208617"]
[EventCountry "GER"]
[EventRounds "11"]
[EventType "swiss"]
[EventDate "2015.05.23"]

1. e4 c5 2. b3 e6 3. Bb2 d5 4. exd5 exd5 5. Bb5+ Nc6 6. Qe2+ Be6 7. Nf3 h6 8.
Ne5 Rc8 9. O-O Nf6 10. f4 Be7 11. f5 Bd7 12. Nxd7 Qxd7 13. Re1 a6 14. Bxc6 Rxc6
15. a4 Kf8 16. Qf3 Kg8 17. Nc3 Kh7 18. Re2 Qd6 19. Rae1 Bd8 20. Nd1 d4 21. c3
Bc7 22. g3 dxc3 23. Bxc3 Bd8 24. Nb2 b5 25. axb5 axb5 26. Be5 Qd7 27. Kg2 Ba5
28. Bc3 Bd8 29. Nd3 Ra6 30. Nxc5 Qa7 31. Nxa6 Qxa6 32. Ra1 Qd6 33. Qb7 Qd3 34.
Qf3 Qd6 35. Be5 Qd7 36. d4 Rg8 37. Rd1 Nd5 38. g4 Bg5 39. Rh1 Rc8 40. h4 Bd8
41. g5 hxg5 42. hxg5+ Kg8 43. Qh3 f6 44. Qh8+ Kf7 45. g6+ Ke7 46. Qxg7+ Ke8 47.
Rh8# 1-0

[Event "DEM U12/U12w 2015"]
[Site "Willingen GER"]
[Date "2015.05.26"]
[Round "5"]
[White "Pahl, Erik"]
[Black "Glinzner, Alva"]
[Result "0-1"]
[Termination "normal"]
[Board "33"]
[WhiteElo "1464"]
[BlackElo "1257"]
[PlyCount "96"]
[WhiteFideId "16201272"]
[BlackFideId "16206169"]
[EventCountry "GER"]
[EventRounds "11"]
[EventType "swiss"]
[EventDate "2015.05.23"]

1. e4 c5 2. Nf3 a6 3. d4 cxd4 4. Nxd4 e5 5. Nf5 d5 6. f3 Bxf5 7. exf5 Nc6 8.
Nc3 Bb4 9. a3 Bxc3+ 10. bxc3 Nge7 11. g4 Rc8 12. Bd2 Qd6 13. c4 dxc4 14. Bxc4
Nd4 15. Bd3 Qc6 16. Kf2 Nxc2 17. Bxc2 Qxc2 18. Qxc2 Rxc2 19. Rhd1 O-O 20. Rac1
Rfc8 21. Rxc2 Rxc2 22. Ke3 Nc6 23. Rc1 Rxc1 24. Bxc1 f6 25. Bb2 Kf7 26. Ke4 Ke7
27. Kd5 Kd7 28. Bc1 Ne7+ 29. Kc4 Kc6 30. a4 b5+ 31. Kb3 Nd5 32. h4 Kc5 33. axb5
axb5 34. Ba3+ b4 35. Bc1 Kd4 36. g5 e4 37. fxe4 Kxe4 38. Kc4 Ne7 39. gxf6 gxf6
40. h5 Nxf5 41. Kxb4 Ng3 42. h6 f5 43. Kc5 f4 44. Bd2 Nf5 45. Kc6 Nxh6 46. Kd6
Nf5+ 47. Ke6 f3 48. Be1 h5 0-1

[Event "DEM U12/U12w 2015"]
[Site "Willingen GER"]
[Date "2015.05.26"]
[Round "5"]
[White "Khamenya, Vitalia"]
[Black "Schnabel, Luise"]
[Result "1/2-1/2"]
[Termination "normal"]
[Board "34"]
[WhiteElo "1570"]
[BlackElo "1458"]
[PlyCount "141"]
[WhiteFideId "12959260"]
[BlackFideId "12943347"]
[EventCountry "GER"]
[EventRounds "11"]
[EventType "swiss"]
[EventDate "2015.05.23"]

1. e4 e5 2. Nf3 Nc6 3. Bc4 Nf6 4. d3 Be7 5. c3 d6 6. Nbd2 O-O 7. Bb3 Na5 8. Bc2
c5 9. h3 Re8 10. O-O b5 11. Re1 Qc7 12. Qe2 a6 13. Nf1 Bb7 14. Ng3 g6 15. Nh2
Bc8 16. Qf3 Kg7 17. Qe3 Kg8 18. Qh6 Kh8 19. Nf3 Ng8 20. Qd2 f6 21. h4 Bf8 22.
Qe2 Bg4 23. Nf1 Qe7 24. Ne3 Nh6 25. Nd5 Qd8 26. Bd2 c4 27. Bd1 cxd3 28. Qxd3
Nc4 29. Bc1 Be6 30. Ne3 Nf7 31. Nc2 d5 32. b3 Nb6 33. Be3 Rb8 34. Nb4 Bxb4 35.
cxb4 d4 36. Bd2 Qd6 37. Rc1 Rec8 38. Be2 f5 39. Bf1 f4 40. Nh2 Nh6 41. Qf3 Qe7
42. h5 g5 43. g3 Nd7 44. Bd3 Nf6 45. Be2 Bf7 46. g4 Be6 47. Qg2 Qa7 48. Kh1 Qb6
49. f3 Nf7 50. Nf1 Qd6 51. Red1 Nd7 52. Nh2 Nf8 53. Qf1 Rd8 54. Be1 Nh6 55. Kg2
Bf7 56. Kh1 Rbc8 57. Bd3 Nd7 58. Qe2 Nb8 59. Nf1 Nc6 60. Qd2 Rd7 61. Rb1 Rdc7
62. a4 Na7 63. Qb2 Be8 64. Qa2 Nf7 65. Kg2 Rc6 66. Kh1 Qd8 67. a5 R8c7 68. Qb2
Qc8 69. Kg2 Qe6 70. Kh1 Nd6 71. Kg1 1/2-1/2

[Event "DEM U12/U12w 2015"]
[Site "Willingen GER"]
[Date "2015.05.26"]
[Round "5"]
[White "Buller, Ian Joshua"]
[Black "Knape, Albert"]
[Result "1-0"]
[Termination "normal"]
[Board "37"]
[WhiteElo "1491"]
[BlackElo "1222"]
[PlyCount "97"]
[WhiteFideId "12990655"]
[BlackFideId "16208919"]
[EventCountry "GER"]
[EventRounds "11"]
[EventType "swiss"]
[EventDate "2015.05.23"]

1. e4 e5 2. Nf3 Nc6 3. d4 exd4 4. Nxd4 Qh4 5. Nc3 Bb4 6. Ndb5 Qxe4+ 7. Be2 Kd8
8. O-O Bxc3 9. bxc3 Nge7 10. Re1 Qd5 11. Bf4 d6 12. Rb1 Qxd1 13. Rbxd1 Re8 14.
c4 Bd7 15. c5 Ng6 16. Bg3 a6 17. Nc3 dxc5 18. Rd2 Kc8 19. Nd5 Rg8 20. Nxc7 Ra7
21. Nd5 b5 22. Nb6+ Kd8 23. Bg4 Re8 24. Rxe8+ Kxe8 25. Nxd7 Nd4 26. Nxc5 Re7
27. h3 Nc6 28. Bd7+ Kf8 29. Bxc6 f5 30. Bd6 Ne5 31. Bxe7+ Kxe7 32. Bf3 a5 33.
Be2 b4 34. Nb7 a4 35. Rd4 Nc6 36. Rc4 b3 37. cxb3 axb3 38. axb3 Ne5 39. Rc3 Kf6
40. b4 Kg5 41. Nd6 g6 42. Ne8 h5 43. b5 Kf4 44. b6 g5 45. b7 g4 46. g3+ Ke4 47.
h4 Nd3 48. Bxd3+ Kf3 49. b8=Q 1-0

[Event "DEM U12/U12w 2015"]
[Site "Willingen GER"]
[Date "2015.05.26"]
[Round "5"]
[White "Ortlepp, Klaudia"]
[Black "Kirsten, Annika"]
[Result "1/2-1/2"]
[Termination "normal"]
[Board "38"]
[WhiteElo "1243"]
[BlackElo "1267"]
[PlyCount "137"]
[WhiteFideId "16206045"]
[BlackFideId "12961124"]
[EventCountry "GER"]
[EventRounds "11"]
[EventType "swiss"]
[EventDate "2015.05.23"]

1. e4 c5 2. Nc3 Nc6 3. f4 g6 4. Nf3 Bg7 5. Bc4 e6 6. e5 Nge7 7. Ne4 O-O 8. O-O
Nf5 9. d3 Ncd4 10. Nxd4 cxd4 11. Qg4 d5 12. exd6 Nxd6 13. Bb3 Nf5 14. Bd2 b6
15. Rae1 Bb7 16. Qh3 Qh4 17. Rf3 Qxh3 18. Rxh3 Rfc8 19. Ng5 h6 20. Ne4 a5 21.
a4 Rd8 22. Bc4 Rac8 23. c3 Bd5 24. Bxd5 exd5 25. Nf2 dxc3 26. Bxc3 Bxc3 27.
bxc3 h5 28. d4 Re8 29. Rxe8+ Rxe8 30. Kf1 Ne3+ 31. Kg1 Nc4 32. Nd3 Re2 33. Kf1
Ra2 34. f5 Nd2+ 35. Ke1 Ne4 36. fxg6 Ra1+ 37. Ke2 Nxc3+ 38. Kf2 fxg6 39. Nf4
Ne4+ 40. Ke2 Ra2+ 41. Ke1 Nf6 42. Rb3 Nd7 43. Nxd5 Rxa4 44. Nxb6 Rxd4 45. Nxd7
Rxd7 46. Rb8+ Kg7 47. Ra8 Rd5 48. Ra6 Rb5 49. Kf1 Kh6 50. h4 Rb4 51. g3 a4 52.
Kg2 Rg4 53. Kf3 Kg7 54. Rb6 a3 55. Ra6 g5 56. hxg5 Rxg5 57. Rxa3 Rf5+ 58. Ke4
Kg6 59. Rf3 Rxf3 60. Kxf3 Kf5 61. g4+ hxg4+ 62. Kg3 Kg5 63. Kg2 Kf4 64. Kf2 g3+
65. Kg2 Kg4 66. Kg1 Kh3 67. Kh1 g2+ 68. Kg1 Kg4 69. Kxg2 1/2-1/2

[Event "DEM U12/U12w 2015"]
[Site "Willingen GER"]
[Date "2015.05.26"]
[Round "5"]
[White "Rothenberg, Nina"]
[Black "Creß, Bastian"]
[Result "0-1"]
[Termination "normal"]
[Board "39"]
[WhiteElo "1174"]
[BlackElo "1387"]
[PlyCount "138"]
[WhiteFideId "16208943"]
[BlackFideId "16208846"]
[EventCountry "GER"]
[EventRounds "11"]
[EventType "swiss"]
[EventDate "2015.05.23"]

1. e4 d5 2. exd5 Qxd5 3. Nc3 Qa5 4. d4 c6 5. Nf3 Nf6 6. Bd3 Bf5 7. O-O Bxd3 8.
Qxd3 e6 9. Bf4 Nbd7 10. Rfe1 Be7 11. Ne5 Nxe5 12. Bxe5 h6 13. Qg3 Rg8 14. f4
O-O-O 15. Qh3 Nd7 16. f5 Nxe5 17. dxe5 Bc5+ 18. Kh1 Rde8 19. Rad1 Qc7 20. Ne2
Qxe5 21. fxe6 Qxe6 22. Qxe6+ Rxe6 23. Nf4 Rxe1+ 24. Rxe1 Rd8 25. Nd3 Bd4 26. b3
Kc7 27. Re7+ Rd7 28. Re8 Kd6 29. g4 Re7 30. Rd8+ Rd7 31. Re8 c5 32. Kg2 Re7 33.
Ra8 Re2+ 34. Kg3 a6 35. Rb8 Kc7 36. Rf8 Rxc2 37. Rxf7+ Kb6 38. a4 Rc3 39. Rf3
Rxb3 40. h3 c4 41. Nc1 Rxf3+ 42. Kxf3 Bb2 43. Ne2 c3 44. Nd4 Ka5 45. Ke3 Kxa4
46. Kd3 b5 47. Kc2 b4 48. h4 b3+ 49. Nxb3 Kb4 50. Nd4 a5 51. Nb3 a4 52. Nd4 Kc4
53. Nc6 a3 54. Na5+ Kb4 55. Nb3 a2 56. g5 a1=Q 57. Nxa1 Bxa1 58. gxh6 gxh6 59.
Kb1 Bb2 60. h5 Kc5 61. Kc2 Kd4 62. Kb1 Kd3 63. Ka2 Kd2 64. Kb1 c2+ 65. Kxb2
c1=Q+ 66. Ka2 Qc4+ 67. Ka3 Qb5 68. Ka2 Kc2 69. Ka1 Qa4# 0-1

[Event "DEM U12/U12w 2015"]
[Site "Willingen GER"]
[Date "2015.05.26"]
[Round "5"]
[White "Zha, Kevin"]
[Black "Höfs, Cederik"]
[Result "0-1"]
[Termination "normal"]
[Board "40"]
[WhiteElo "1154"]
[BlackElo "1377"]
[PlyCount "148"]
[WhiteFideId "16208951"]
[BlackFideId "16207653"]
[EventCountry "GER"]
[EventRounds "11"]
[EventType "swiss"]
[EventDate "2015.05.23"]

1. e4 c5 2. Nf3 a6 3. d4 cxd4 4. Nxd4 e5 5. Nf3 Nf6 6. Nc3 Bb4 7. Bd3 Nc6 8. a3
Bxc3+ 9. bxc3 O-O 10. O-O h6 11. Rb1 d5 12. exd5 Qxd5 13. c4 Qe6 14. Be2 Rd8
15. Qe1 Qf5 16. Rb2 Qe6 17. c5 Qe7 18. Be3 Ne4 19. c3 Nxc5 20. Rd2 Bf5 21.
Rxd8+ Rxd8 22. Nh4 Bh7 23. Nf3 Nd3 24. Qa1 Qc7 25. Rd1 e4 26. Nd4 Nce5 27. Qb1
b5 28. Qb3 Rc8 29. Bd2 Nc4 30. Be1 Nxe1 31. Rxe1 Nd2 32. Qb2 Qxc3 33. Qxc3 Rxc3
34. Rd1 e3 35. fxe3 Ne4 36. Nxb5 Rc8 37. Na7 Ra8 38. Bg4 f5 39. Bh5 g6 40. Be2
Rxa7 41. Rd8+ Kg7 42. h4 h5 43. Kh2 a5 44. Bf3 Bg8 45. g3 Rc7 46. Ra8 Nd2 47.
Be2 Bc4 48. Bd1 Bb3 49. Be2 a4 50. Bb5 Nf1+ 51. Bxf1 Rc3 52. Bb5 Bc2 53. Bxa4
Rxa3 54. Ra7+ Kh6 55. Rc7 Bxa4 56. Ra7 Ra2+ 57. Kh3 Bb3 58. Rxa2 Bxa2 59. Kg2
Kg7 60. Kf3 Kf6 61. Kf4 Bd5 62. g4 hxg4 63. Kg3 Ke5 64. h5 gxh5 65. Kh4 Ke4 66.
Kg3 Kxe3 67. Kh2 Be6 68. Kg3 h4+ 69. Kh2 Ba2 70. Kg2 h3+ 71. Kh2 f4 72. Kg1 g3
73. Kh1 Bd5+ 74. Kg1 h2+ 0-1

[Event "DEM U12/U12w 2015"]
[Site "Willingen GER"]
[Date "2015.05.26"]
[Round "5"]
[White "Böttner, Oliver"]
[Black "Abele, Anais"]
[Result "1-0"]
[Termination "normal"]
[Board "41"]
[WhiteElo "1363"]
[BlackElo "1210"]
[PlyCount "113"]
[WhiteFideId "16208870"]
[BlackFideId "16208927"]
[EventCountry "GER"]
[EventRounds "11"]
[EventType "swiss"]
[EventDate "2015.05.23"]

1. e4 e5 2. Nf3 Nc6 3. Bc4 Nf6 4. d3 Be7 5. O-O O-O 6. Nbd2 d6 7. c3 d5 8. Bb5
Bg4 9. Qc2 Bxf3 10. Nxf3 Qd6 11. Be3 a6 12. Ba4 b5 13. Bb3 Na5 14. Bg5 Nxb3 15.
axb3 dxe4 16. dxe4 h6 17. Be3 Rfd8 18. Rfd1 Qe6 19. Rxd8+ Rxd8 20. h3 c5 21. c4
b4 22. Ne1 Qd6 23. f3 Nh7 24. Qf2 Ng5 25. Kf1 Kh8 26. Ra5 Ne6 27. g3 Qb6 28.
Ra1 Qd6 29. Qe2 Nd4 30. Bxd4 Qxd4 31. Rxa6 Qd7 32. Kg2 Qd2 33. Kf1 Qd7 34. g4
Qd2 35. Ra7 Qxe2+ 36. Kxe2 Re8 37. Nd3 f6 38. Ra5 Rc8 39. Ke3 Kg8 40. f4 exf4+
41. Kxf4 Kf7 42. e5 fxe5+ 43. Kxe5 Bf6+ 44. Kd5 Rd8+ 45. Ke4 Re8+ 46. Kf3 Rc8
47. Rxc5 Rxc5 48. Nxc5 Bxb2 49. Ke4 Kg6 50. Nd3 Bc3 51. c5 Bf6 52. c6 Bd8 53.
Nxb4 Kf6 54. Nd5+ Ke6 55. c7 Bxc7 56. Nxc7+ Kd6 57. Ne8+ 1-0

[Event "DEM U12/U12w 2015"]
[Site "Willingen GER"]
[Date "2015.05.26"]
[Round "5"]
[White "Peters, Malte"]
[Black "Stelljes, Fabian"]
[Result "0-1"]
[Termination "normal"]
[Board "42"]
[WhiteElo "1007"]
[BlackElo "1342"]
[PlyCount "50"]
[WhiteFideId "16208978"]
[BlackFideId "16201370"]
[EventCountry "GER"]
[EventRounds "11"]
[EventType "swiss"]
[EventDate "2015.05.23"]

1. e4 d5 2. exd5 Nf6 3. Bb5+ Bd7 4. Be2 Bf5 5. Nf3 Nxd5 6. d4 e6 7. O-O c6 8.
a3 Nd7 9. c4 N5b6 10. Nc3 Nf6 11. Be3 Bg4 12. Bd3 Qc7 13. b4 Bd6 14. c5 Bxh2+
15. Kh1 Nbd5 16. Nxd5 Nxd5 17. Bd2 Bf4 18. Bxf4 Qxf4 19. Rc1 Qh6+ 20. Kg1 Nf4
21. Be2 O-O-O 22. b5 Rd5 23. Re1 Rh5 24. Nh2 Rxh2 25. f3 Rxg2+ 0-1

[Event "DEM U12/U12w 2015"]
[Site "Willingen GER"]
[Date "2015.05.26"]
[Round "5"]
[White "Gutmann, Anna"]
[Black "Fischer, Laura"]
[Result "1/2-1/2"]
[Termination "normal"]
[Board "43"]
[WhiteElo "1303"]
[BlackElo "1207"]
[PlyCount "82"]
[WhiteFideId "16208889"]
[BlackFideId "16208935"]
[EventCountry "GER"]
[EventRounds "11"]
[EventType "swiss"]
[EventDate "2015.05.23"]

1. e4 e5 2. Nf3 Nc6 3. Bb5 Bc5 4. Nc3 d6 5. d4 a6 6. Bxc6+ bxc6 7. dxc5 Bg4 8.
h3 Bh5 9. cxd6 cxd6 10. Be3 Nf6 11. Bg5 O-O 12. Qd3 d5 13. O-O dxe4 14. Qxd8
Rfxd8 15. Bxf6 gxf6 16. Nxe4 Kg7 17. g4 Bg6 18. Rfe1 f5 19. gxf5 Bxf5 20. Kh2
f6 21. Rac1 Rab8 22. b3 Rb4 23. Nc5 a5 24. Rg1+ Kh6 25. c4 e4 26. Nh4 Bg6 27.
Nxg6 hxg6 28. Nxe4 f5 29. Nc3 Rd2 30. Rgf1 a4 31. bxa4 Rxc4 32. a3 Rd3 33. Ne2
Rxa4 34. Rxc6 Raxa3 35. Rg1 Rxh3+ 36. Kg2 Rh5 37. Rh1 Rxh1 38. Kxh1 Ra2 39. Re6
Kh5 40. Kg2 g5 41. Re5 Kh4 1/2-1/2

[Event "DEM U12/U12w 2015"]
[Site "Willingen GER"]
[Date "2015.05.26"]
[Round "5"]
[White "Bardorz, Jana"]
[Black "Ruppert, Paula"]
[Result "1-0"]
[Termination "normal"]
[Board "45"]
[WhiteElo "1263"]
[BlackElo "1443"]
[PlyCount "77"]
[WhiteFideId "16208897"]
[BlackFideId "12979996"]
[EventCountry "GER"]
[EventRounds "11"]
[EventType "swiss"]
[EventDate "2015.05.23"]

1. e4 d5 2. exd5 Qxd5 3. Nc3 Qd6 4. d4 Nf6 5. Nf3 g6 6. Be2 Bg7 7. Be3 O-O 8.
O-O Be6 9. Qd2 Rd8 10. Rfd1 Nbd7 11. Bf4 Qb6 12. a4 c5 13. a5 Qc6 14. d5 Nxd5
15. Nxd5 Bxd5 16. Qxd5 Qxd5 17. Rxd5 b6 18. Rad1 e5 19. Bxe5 Bxe5 20. Nxe5 Nxe5
21. Rxd8+ Rxd8 22. Rxd8+ Kg7 23. axb6 axb6 24. Rb8 Nd7 25. Rb7 Ne5 26. Rxb6 h6
27. Rb5 Nd7 28. Bf3 c4 29. Bd5 Ne5 30. f4 Ng4 31. Bxc4 Ne3 32. Bd3 Ng4 33. c4
Kf8 34. Rd5 Ne3 35. Rd4 Ng4 36. c5 Nf6 37. c6 Ne8 38. b4 Nc7 39. Rd7 1-0

[Event "DEM U12/U12w 2015"]
[Site "Willingen GER"]
[Date "2015.05.26"]
[Round "5"]
[White "Biermann, Sophie"]
[Black "Fuchs, Emily"]
[Result "1-0"]
[Termination "normal"]
[Board "46"]
[WhiteElo "1136"]
[BlackElo "946"]
[PlyCount "107"]
[WhiteFideId "16208960"]
[BlackFideId "16208986"]
[EventCountry "GER"]
[EventRounds "11"]
[EventType "swiss"]
[EventDate "2015.05.23"]

1. e4 e5 2. Nf3 Nc6 3. Bc4 f5 4. d3 Nf6 5. Nc3 Bc5 6. Bg5 f4 7. Nd5 h6 8. Bxf6
gxf6 9. O-O Be7 10. Nh4 d6 11. Qh5+ Kd7 12. Ng6 Qe8 13. g4 Rg8 14. Ndxe7 Nxe7
15. Bxg8 Nxg8 16. Kh1 Kd8 17. Nh4 Qxh5 18. gxh5 f5 19. Nxf5 Bxf5 20. exf5 Nf6
21. Rg1 Kd7 22. Rg7+ Kc6 23. Rg6 Rf8 24. Rag1 f3 25. Rxh6 e4 26. Rg3 Kd5 27.
Kg1 b5 28. Rh3 Ke5 29. dxe4 d5 30. exd5 Nxd5 31. Rxf3 Nf4 32. f6 c5 33. Rh7
Rxf6 34. h6 Rg6+ 35. Kf1 a5 36. Re7+ Kf5 37. h7 Rh6 38. h3 a4 39. Rfe3 Nxh3 40.
Kg2 Nf4+ 41. Kg1 Nd5 42. R3e5+ Kf6 43. R7e6+ Kg7 44. Rxh6 Kxh6 45. Rxd5 Kxh7
46. Rg5 Kh6 47. Rg2 Kh5 48. f4 Kh6 49. f5 Kh7 50. f6 Kh8 51. f7 Kh7 52. b3 c4
53. f8=Q cxb3 54. Qg7# 1-0

[Event "DEM U12/U12w 2015"]
[Site "Willingen GER"]
[Date "2015.05.27"]
[Round "6"]
[White "Stork, Oliver"]
[Black "Li, Simon"]
[Result "1/2-1/2"]
[Termination "normal"]
[Board "1"]
[WhiteElo "1844"]
[BlackElo "1907"]
[WhiteClock "00:10:25"]
[BlackClock "00:20:17"]
[PlyCount "94"]
[WhiteFideId "12955728"]
[BlackFideId "12972134"]
[EventCountry "GER"]
[EventRounds "11"]
[EventType "swiss"]
[EventDate "2015.05.23"]

1. c4 c5 2. g3 Nf6 3. Bg2 d5 4. cxd5 Nxd5 5. Nc3 Nc7 6. Nf3 Nc6 7. O-O e5 8. d3
Be7 9. Bd2 O-O 10. Rc1 Rb8 11. Ne4 Ne6 12. Bc3 f6 13. b3 b6 14. Bb2 Bb7 15.
Ned2 Qe8 16. Nh4 Qh5 17. Bf3 Qf7 18. Nf5 Rfd8 19. Ne4 Rd7 20. Bg2 Rbd8 21. Qd2
Qh5 22. Ne3 Ncd4 23. g4 Qg6 24. h3 Nf4 25. Bxd4 Nxg2 26. Nxg2 Rxd4 27. Ng3 e4
28. Nf5 R4d7 29. Rcd1 Qf7 30. Nf4 Bd6 31. Nxd6 Rxd6 32. Qc2 Qd7 33. Rd2 Rd4 34.
Rfd1 Ba6 35. Qc3 exd3 36. Nxd3 Bb7 37. f3 h5 38. Kf2 hxg4 39. hxg4 Qd6 40. Rg1
b5 41. Rc2 c4 42. bxc4 bxc4 43. Nb2 Qc5 44. e3 R4d5 45. Qxc4 Qxc4 46. Nxc4 Ba6
47. Kg3 Rd3 1/2-1/2

[Event "DEM U12/U12w 2015"]
[Site "Willingen GER"]
[Date "2015.05.27"]
[Round "6"]
[White "Zimmer, Raphael"]
[Black "Trifan, Andrei Ioan"]
[Result "0-1"]
[Termination "normal"]
[Board "2"]
[WhiteElo "1977"]
[BlackElo "1864"]
[WhiteClock "00:11:10"]
[BlackClock "00:10:21"]
[PlyCount "98"]
[WhiteFideId "12978841"]
[BlackFideId "12967068"]
[EventCountry "GER"]
[EventRounds "11"]
[EventType "swiss"]
[EventDate "2015.05.23"]

1. e4 c5 2. Nc3 Nc6 3. Bc4 g6 4. d3 Bg7 5. f4 e6 6. Nf3 Nge7 7. O-O d5 8. Bb3
Nd4 9. Qe1 c4 10. Ba4+ Bd7 11. Bxd7+ Qxd7 12. Nxd4 Bxd4+ 13. Kh1 cxd3 14. cxd3
O-O-O 15. Ne2 Bb6 16. b4 dxe4 17. dxe4 Kb8 18. Bb2 Rhe8 19. a4 Qd2 20. Be5+ Ka8
21. a5 Be3 22. Bc3 Qc2 23. Ng3 Rd3 24. Bf6 Ng8 25. Bg7 f6 26. e5 f5 27. a6 bxa6
28. Rf3 Red8 29. Nf1 Bb6 30. Rxd3 Qxd3 31. Qh4 Qd4 32. Qxd8+ Bxd8 33. Re1 Bb6
34. Ng3 h5 35. Rc1 h4 36. Ne2 Qd2 37. Bf6 Qxe2 38. Bxh4 Nh6 39. h3 Be3 40. Re1
Qd2 41. Rf1 Bxf4 42. Re1 g5 43. Rf1 gxh4 44. Rb1 Bxe5 45. Rf1 Qd3 46. Rc1 Qg3
47. Rc8+ Kb7 48. Rc7+ Bxc7 49. Kg1 Qe1# 0-1

[Event "DEM U12/U12w 2015"]
[Site "Willingen GER"]
[Date "2015.05.27"]
[Round "6"]
[White "Kopylov, Daniel"]
[Black "Yi, Danny"]
[Result "1-0"]
[Termination "normal"]
[Board "3"]
[WhiteElo "1812"]
[BlackElo "1778"]
[WhiteClock "00:24:49"]
[BlackClock "00:21:07"]
[PlyCount "65"]
[WhiteFideId "12921971"]
[BlackFideId "12988588"]
[EventCountry "GER"]
[EventRounds "11"]
[EventType "swiss"]
[EventDate "2015.05.23"]

1. e4 e5 2. Nf3 Nc6 3. Nc3 Nf6 4. g3 Bc5 5. Bg2 d6 6. d3 Nd4 7. h3 Bd7 8. Bg5
h6 9. Bxf6 gxf6 10. Nh4 c6 11. Na4 Bb6 12. Nxb6 Qxb6 13. c3 Nb5 14. a4 Nc7 15.
b4 a5 16. O-O d5 17. Qf3 Ke7 18. Rab1 axb4 19. Rxb4 Qa7 20. d4 Rhg8 21. Kh2 Rg5
22. Qe2 exd4 23. f4 Rgg8 24. exd5+ Kf8 25. d6 Na6 26. Qe7+ Kg7 27. Qxd7 Nxb4
28. cxb4 Rad8 29. Nf5+ Kg6 30. Ne7+ Kg7 31. Qg4+ Kh8 32. Nxg8 Rxg8 33. Qf5 1-0

[Event "DEM U12/U12w 2015"]
[Site "Willingen GER"]
[Date "2015.05.27"]
[Round "6"]
[White "Pajeken, Jakob Leon"]
[Black "Weishäutel, Moritz"]
[Result "1-0"]
[Termination "normal"]
[Board "4"]
[WhiteElo "1797"]
[BlackElo "1963"]
[WhiteClock "00:45:15"]
[BlackClock "00:34:52"]
[PlyCount "97"]
[WhiteFideId "12942839"]
[BlackFideId "12967300"]
[EventCountry "GER"]
[EventRounds "11"]
[EventType "swiss"]
[EventDate "2015.05.23"]

1. e4 e6 2. d4 d5 3. Nc3 Nf6 4. e5 Nfd7 5. f4 c5 6. Nf3 Nc6 7. Be3 Be7 8. Qd2
O-O 9. Be2 b6 10. g3 a5 11. a4 Ba6 12. Nb5 cxd4 13. Nbxd4 Nxd4 14. Nxd4 Bxe2
15. Nc6 Qe8 16. Qxe2 Bc5 17. Bxc5 Nxc5 18. Nd4 Rc8 19. Nb5 Ne4 20. c3 f6 21.
exf6 Rxf6 22. O-O-O e5 23. Rxd5 exf4 24. Re1 f3 25. Qf1 f2 26. Re2 Nxg3 27.
Rxe8+ Rxe8 28. hxg3 Re1+ 29. Rd1 Rxf1 30. Rxf1 Rf3 31. Kd2 g5 32. Ke2 Rxg3 33.
Kxf2 Rg4 34. Nd4 h5 35. Rg1 Rxg1 36. Kxg1 Kf7 37. Kf2 Ke7 38. Kf3 Kd6 39. Ke4
Kc5 40. b3 g4 41. Kf4 Kd5 42. Ne2 Kc5 43. Kg5 b5 44. axb5 Kxb5 45. Kxh5 a4 46.
bxa4+ Kxa4 47. Kxg4 Kb3 48. Kf4 Kc4 49. Ke4 1-0

[Event "DEM U12/U12w 2015"]
[Site "Willingen GER"]
[Date "2015.05.27"]
[Round "6"]
[White "Yankelevich, Michael"]
[Black "Tong, Kevin"]
[Result "1/2-1/2"]
[Termination "normal"]
[Board "5"]
[WhiteElo "1810"]
[BlackElo "2017"]
[WhiteClock "00:41:29"]
[BlackClock "00:14:52"]
[PlyCount "53"]
[WhiteFideId "12921440"]
[BlackFideId "12913944"]
[EventCountry "GER"]
[EventRounds "11"]
[EventType "swiss"]
[EventDate "2015.05.23"]

1. e4 c5 2. Ne2 Nc6 3. c4 g6 4. Nbc3 Bg7 5. g3 e6 6. Bg2 Nge7 7. d3 Nd4 8. Be3
Nec6 9. Rb1 d6 10. O-O O-O 11. Qd2 Rb8 12. a3 a5 13. Bxd4 Nxd4 14. Nxd4 Bxd4
15. Nb5 b6 16. Nxd4 cxd4 17. b4 Bd7 18. f4 Qc7 19. Rbe1 Rfe8 20. e5 Red8 21.
Qf2 axb4 22. axb4 Bc6 23. Bxc6 Qxc6 24. Qxd4 dxe5 25. Qxe5 Ra8 26. Qe2 Ra3 27.
Rd1 1/2-1/2

[Event "DEM U12/U12w 2015"]
[Site "Willingen GER"]
[Date "2015.05.27"]
[Round "6"]
[White "Suvorov, Alexander"]
[Black "Lieberwirth, Kasimir"]
[Result "1-0"]
[Termination "normal"]
[Board "6"]
[WhiteElo "1938"]
[BlackElo "1638"]
[WhiteClock "00:00:59"]
[BlackClock "00:00:47"]
[PlyCount "79"]
[WhiteFideId "12977063"]
[BlackFideId "12988146"]
[EventCountry "GER"]
[EventRounds "11"]
[EventType "swiss"]
[EventDate "2015.05.23"]

1. d4 Nf6 2. c4 c5 3. d5 b5 4. Qc2 d6 5. e4 g6 6. cxb5 a6 7. Nc3 Bd7 8. a4 Bg7
9. f4 axb5 10. Nxb5 O-O 11. Nf3 Bxb5 12. Bxb5 Qa5+ 13. Nd2 Na6 14. Ra3 Nb4 15.
Qb1 Ng4 16. h3 Nh6 17. O-O f5 18. Bd7 Rab8 19. Raf3 Rb7 20. Nc4 Qc7 21. Be6+
Kh8 22. b3 fxe4 23. Qxe4 Nf5 24. h4 Nd4 25. Rh3 Nxe6 26. Qxe6 Rf5 27. h5 Rxh5
28. Rxh5 gxh5 29. Qf7 Qc8 30. Qxh5 Nd3 31. Na5 Rb8 32. Nc6 Rxb3 33. Nxe7 Qd8
34. Nf5 Nxc1 35. Rxc1 Qf6 36. Re1 Rb8 37. Re6 Qf8 38. Kh2 Rd8 39. g3 Kg8 40.
Ne7+ 1-0

[Event "DEM U12/U12w 2015"]
[Site "Willingen GER"]
[Date "2015.05.27"]
[Round "6"]
[White "Grund, Sebastian"]
[Black "Dobrikov, Marco"]
[Result "0-1"]
[Termination "normal"]
[Board "7"]
[WhiteElo "1810"]
[BlackElo "1947"]
[WhiteClock "00:00:39"]
[BlackClock "00:43:55"]
[PlyCount "60"]
[WhiteFideId "12988626"]
[BlackFideId "12950378"]
[EventCountry "GER"]
[EventRounds "11"]
[EventType "swiss"]
[EventDate "2015.05.23"]

1. c4 c5 2. Nf3 Nc6 3. d4 cxd4 4. Nxd4 g6 5. Nc3 Bg7 6. Nf3 Nf6 7. g3 d6 8. Bg2
O-O 9. O-O Be6 10. Nd2 Rc8 11. b3 d5 12. Bb2 dxc4 13. bxc4 Na5 14. Nb3 Nxc4 15.
Bc1 Nd5 16. Nxd5 Bxa1 17. Nxa1 Rc6 18. Bg5 f6 19. Bh6 Re8 20. Nxe7+ Qxe7 21.
Bxc6 bxc6 22. Bf4 Bg4 23. f3 Bh3 24. Re1 Qc5+ 25. Kh1 Qf2 26. Rg1 Qxe2 27. Qxe2
Rxe2 28. Rd1 Rxa2 29. Nb3 Kf7 30. Nd4 g5 0-1

[Event "DEM U12/U12w 2015"]
[Site "Willingen GER"]
[Date "2015.05.27"]
[Round "6"]
[White "Heckmann, Till"]
[Black "Brückner, Alexander"]
[Result "1-0"]
[Termination "normal"]
[Board "8"]
[WhiteElo "1527"]
[BlackElo "1821"]
[WhiteClock "00:55:58"]
[BlackClock "00:27:19"]
[PlyCount "115"]
[WhiteFideId "12987093"]
[BlackFideId "12952613"]
[EventCountry "GER"]
[EventRounds "11"]
[EventType "swiss"]
[EventDate "2015.05.23"]

1. e4 c6 2. d4 d5 3. Nc3 dxe4 4. Nxe4 Bf5 5. Ng3 Bg6 6. N1e2 e6 7. Nf4 Bd6 8.
h4 Bxf4 9. Bxf4 h6 10. Bc4 Nf6 11. Qd2 Ne4 12. Nxe4 Bxe4 13. f3 Bd5 14. Bd3 Nd7
15. c4 e5 16. cxd5 exf4 17. dxc6 bxc6 18. Qxf4 Nc5 19. dxc5 Qxd3 20. Qe5+ Kf8
21. Qd6+ Qxd6 22. cxd6 Ke8 23. O-O Kd7 24. Rfe1 Rhe8 25. f4 Rxe1+ 26. Rxe1 Re8
27. Re5 Rxe5 28. fxe5 f6 29. exf6 gxf6 30. Kf2 Kxd6 31. Kf3 Ke6 32. Kg4 Kf7 33.
Kf5 a6 34. h5 c5 35. b3 a5 36. a4 Kg7 37. Ke6 f5 38. Kxf5 Kf7 39. g3 Kg7 40.
Ke6 Kh7 41. Kf7 Kh8 42. Kg6 Kg8 43. Kxh6 Kh8 44. g4 Kg8 45. g5 Kh8 46. g6 Kg8
47. g7 Kf7 48. Kh7 Ke6 49. g8=Q+ Ke5 50. Qc4 Kd6 51. Kg6 Ke5 52. Qxc5+ Ke4 53.
Kg5 Kf3 54. Qd4 Ke2 55. Kf4 Kf1 56. Qd2 Kg1 57. Kg3 Kf1 58. Qf2# 1-0